| 000 | 00553nam a2200217Ia 4500 | ||
|---|---|---|---|
| 008 | 160321s9999||||xx |||||||||||||| ||und|| | ||
| 040 | _cEnglish | ||
| 082 | _aXI.A/Dante | ||
| 082 | _bBORI-15526 | ||
| 245 | 4 | _aThe Comedy of Dante Alighieri | |
| 300 | _a390 | ||
| 300 | _cE | ||
| 300 | _ePaperback | ||
| 530 | _u00020700.pdf | ||
| 563 | _aStudy | ||
| 630 | _aThe Comedy of Dante Alighieri | ||
| 650 | _a"Politics, History and Historiography" | ||
| 650 | _aGeneral Indology | ||
| 730 | _aThe Comedy of Dante Alighieri | ||
| 942 | _cBOOK | ||
| 999 |
_c1357742 _d1357739 |
||